<?xml version="1.0" encoding="UTF-8"?>
<record
    xmlns:xsi="http://www.w3.org/2001/XMLSchema-instance"
    xsi:schemaLocation="http://www.loc.gov/MARC21/slim http://www.loc.gov/standards/marcxml/schema/MARC21slim.xsd"
    xmlns="http://www.loc.gov/MARC21/slim">

  <leader>02530nam a2200301 i 4500</leader>
  <controlfield tag="003">DO-SdBNP</controlfield>
  <controlfield tag="005">20230508103253.0</controlfield>
  <controlfield tag="006">a||||gr|||| 00| 0 </controlfield>
  <controlfield tag="007">ta</controlfield>
  <controlfield tag="008">230505e2019    dr a|||grl||| 001 0 spa d</controlfield>
  <datafield tag="040" ind1=" " ind2=" ">
    <subfield code="a">DO-SdBNP</subfield>
    <subfield code="b">spa</subfield>
    <subfield code="c">BNPHU</subfield>
    <subfield code="e">rda</subfield>
  </datafield>
  <datafield tag="082" ind1=" " ind2="4">
    <subfield code="2">22</subfield>
    <subfield code="b">R426n, 2019</subfield>
  </datafield>
  <datafield tag="110" ind1="1" ind2=" ">
    <subfield code="9">78062</subfield>
    <subfield code="a">Rep&#xF9;blica Dominicana.</subfield>
    <subfield code="b">Defensor del Pueblo</subfield>
  </datafield>
  <datafield tag="240" ind1=" " ind2=" ">
    <subfield code="a">Ley no. 19-01, No. 367-09</subfield>
    <subfield code="l">spa</subfield>
  </datafield>
  <datafield tag="245" ind1="1" ind2="0">
    <subfield code="a">Normativa sobre el defensor del pueblo:</subfield>
    <subfield code="b">Constituci&#xF3;n de la Rep&#xFA;blica de 2010 (fragmentos). Ley no. 10-01. Ley no. 367-09. fragmentos de las leyes nos. 12-06, 186-07, 137-11,1-12, 590-16 y 33-18. sentencia no. TC/0695 17 de fecha 8 de noviembre de 2017. organigrama del Estado Dominicano. organigrama interno del Defensor del Pueblo./</subfield>
    <subfield code="c">Edici&#xF3;n al cuidado de: Juan Miguel Castillo Rold&#xE1;n, Nilo Vinicio de la Rosa; presentaci&#xF3;n, Zoila V. Mart&#xED;nez Guante.</subfield>
  </datafield>
  <datafield tag="250" ind1=" " ind2=" ">
    <subfield code="a">4a. edici&#xF3;n</subfield>
  </datafield>
  <datafield tag="264" ind1="3" ind2="0">
    <subfield code="a">Santo Domingo :</subfield>
    <subfield code="b">Tele-3, SRL</subfield>
    <subfield code="c">2019</subfield>
  </datafield>
  <datafield tag="300" ind1=" " ind2=" ">
    <subfield code="a">78 p&#xE1;ginas :</subfield>
    <subfield code="b">ilustraciones ;</subfield>
    <subfield code="c">22 cm</subfield>
  </datafield>
  <datafield tag="336" ind1=" " ind2=" ">
    <subfield code="2">rdaconten</subfield>
    <subfield code="a">texto</subfield>
    <subfield code="b">txt</subfield>
  </datafield>
  <datafield tag="337" ind1=" " ind2=" ">
    <subfield code="2">rdamedia</subfield>
    <subfield code="a">sin medici&#xF3;n</subfield>
    <subfield code="b">n</subfield>
  </datafield>
  <datafield tag="338" ind1=" " ind2=" ">
    <subfield code="2">rdacarrier</subfield>
    <subfield code="a">volumen</subfield>
    <subfield code="b">nc</subfield>
  </datafield>
  <datafield tag="505" ind1=" " ind2=" ">
    <subfield code="a">Presentaci&#xF3;n.</subfield>
    <subfield code="t">Constituci&#xF3;n de la Rep&#xFA;blica de 2010 (fragmentos).-</subfield>
    <subfield code="t">Ley no. 19-01 que crea el Defensor del Pueblo, de fecha 1ro, de febrero de 2001, G.O.  no. 10072.--</subfield>
    <subfield code="t">Ley no. 367-09, de fecha 23 de diciembre de 2009, que modifica los art&#xED;culos 4 y 7 de Ley no. 19-01, que crea el Defensor del Pueblo, G.O. no 10556.--</subfield>
    <subfield code="t">Fragmentos de leyes.--</subfield>
    <subfield code="t">Ley no. 12-06 sobre Salud Mental, de fecha 3 de febrero de 2006, G.o. no. 10355.--</subfield>
    <subfield code="t">Ley no. 186-07, que introduce modificaciones a la Ley General de Electricidad no. 125-01, de fecha 6 de agosto de 2007, G.O. no. 10429.--</subfield>
    <subfield code="t">Ley no. 137-11, org&#xE1;nica del Tribunal Constitucional y de los Procedimientos Constitucionales, de fecha 13 de junio de 2011, G.O. 10622.--</subfield>
    <subfield code="t">Ley no. 1-12 que establece la Estrategia Nacional de Desarrollo 2030, de fecha 25 de enero 2021, G.O. no. 10656.--</subfield>
    <subfield code="t">Ley no. 590-16 Org&#xE1;nica de la Polic&#xED;a Nacional, de fecha 15 de julio 20016, G.O. 10850.--</subfield>
    <subfield code="t">Ley no. 33-18 sobre Partidos y Agrupaciones Pol&#xED;ticas, G.O. no. 10917.--</subfield>
    <subfield code="t">Sentencia no. TC/0695/17 de fecha 8 de noviembre de 2017, del Tribunal Constitucional de la Rep&#xFA;blica Dominicana.--</subfield>
    <subfield code="u">Organigramas.</subfield>
  </datafield>
  <datafield tag="590" ind1=" " ind2=" ">
    <subfield code="a">Inventariado 2023 / MF</subfield>
  </datafield>
  <datafield tag="700" ind1="1" ind2=" ">
    <subfield code="a">Castillo Rold&#xE1;n, Juan Miguel,</subfield>
    <subfield code="d">edici&#xF3;n</subfield>
    <subfield code="9">83333</subfield>
  </datafield>
  <datafield tag="700" ind1="1" ind2=" ">
    <subfield code="9">81738</subfield>
    <subfield code="a">Rosa Jourdain, Nilo Vinicio, De la </subfield>
    <subfield code="e">edici&#xF3;n</subfield>
  </datafield>
  <datafield tag="700" ind1="1" ind2=" ">
    <subfield code="a">Mart&#xED;nez Guante, Zoila V.</subfield>
    <subfield code="e">presentaci&#xF3;n</subfield>
    <subfield code="9">83334</subfield>
  </datafield>
  <datafield tag="942" ind1=" " ind2=" ">
    <subfield code="2">ddc</subfield>
    <subfield code="c">LBS1</subfield>
  </datafield>
  <datafield tag="952" ind1=" " ind2=" ">
    <subfield code="0">0</subfield>
    <subfield code="1">0</subfield>
    <subfield code="2">ddc</subfield>
    <subfield code="5">1</subfield>
    <subfield code="7">0</subfield>
    <subfield code="8">PD</subfield>
    <subfield code="a">BNPHU</subfield>
    <subfield code="b">BNPHU</subfield>
    <subfield code="c">CT</subfield>
    <subfield code="d">2022-02-09</subfield>
    <subfield code="e">Donado por V&#xED;ctor Hugo</subfield>
    <subfield code="l">0</subfield>
    <subfield code="o">R426n, 2019</subfield>
    <subfield code="p">2023-1609</subfield>
    <subfield code="r">2023-05-05</subfield>
    <subfield code="w">2023-05-05</subfield>
    <subfield code="y">LBS1</subfield>
  </datafield>
  <datafield tag="999" ind1=" " ind2=" ">
    <subfield code="c">53430</subfield>
    <subfield code="d">53430</subfield>
  </datafield>
</record>
